Top 25 Trading Partners - New Zealand - Statistics

General Stats
  • This quiz has been taken 81 times
  • The average score is 42 of 50
Answer Stats
Hint Answer % Correct
3rd Place: 3,821 United States of America
100%
3rd Place: 4,419 United States of America
100%
6th Place: 1,071 United Kingdom
96%
11th Place: 1,248 United Kingdom
96%
2nd Place: 6,336 Australia
94%
2nd Place: 5,012 Australia
94%
1st Place: 9,640 China
94%
1st Place: 8,633 China
94%
4th Place: 2,421 Japan
94%
4th Place: 3,032 Japan
94%
5th Place: 1,208 South Korea
94%
6th Place: 2,001 South Korea
94%
22nd Place: 247 France
93%
13th Place: 800 France
93%
15th Place: 500 Canada
91%
17th Place: 486 Canada
91%
11th Place: 596 Germany
91%
5th Place: 2,207 Germany
91%
16th Place: 491 India
91%
16th Place: 509 India
91%
24th Place: 232 Mexico
91%
21st Place: 316 Mexico
91%
9th Place: 679 Indonesia
90%
14th Place: 641 Indonesia
90%
20th Place: 346 Spain
90%
10th Place: 641 Thailand
90%
8th Place: 1,919 Thailand
90%
12th Place: 592 Netherlands
88%
18th Place: 461 Netherlands
88%
12th Place: 903 Italy
87%
8th Place: 710 Malaysia
85%
10th Place: 1,445 Malaysia
85%
14th Place: 531 Philippines
85%
17th Place: 483 Vietnam
85%
15th Place: 638 Vietnam
85%
7th Place: 880 Singapore
84%
9th Place: 1,474 Singapore
84%
22nd Place: 302 Belgium
82%
18th Place: 414 Saudi Arabia
79%
19th Place: 386 Saudi Arabia
79%
13th Place: 568 United Arab Emirates
76%
7th Place: 1,984 United Arab Emirates
76%
25th Place: 222 Bangladesh
74%
24th Place: 264 Sweden
72%
23rd Place: 276 Switzerland
72%
20th Place: 340 Fiji
71%
25th Place: 207 Austria
65%
23rd Place: 240 Egypt
60%
21st Place: 284 Sri Lanka
43%
19th Place: 342 Algeria
25%
No matching quizzes found
Score Distribution
Percent of People with Each Score
Percentile by Number Answered
Your Score History
You have not taken this quiz